header

Nitrification (Record no. 217173)

MARC details
000 -LEADER
fixed length control field 01341nam a2200361 a 4500
082 04 - DEWEY DECIMAL CLASSIFICATION NUMBER
Classification number 572/.545
245 00 - TITLE STATEMENT
Title Nitrification
260 ## - PUBLICATION, DISTRIBUTION, ETC. (IMPRINT)
Place of publication Washington, D.C. :
Name of publisher ASM Press,
Year of publication c2011.
300 ## - PHYSICAL DESCRIPTION
Number of Pages xiv, 445 p. :
Other physical details ill.
650 #0 - SUBJECT ADDED ENTRY--TOPICAL TERM
Topical Term Nitrification.
Topical Term Nitrogen
700 1# - ADDED ENTRY--PERSONAL NAME
Personal name Ward, Bess B.
Personal name Arp, D. J.
Personal name Klotz, Martin G.
856 40 - ELECTRONIC LOCATION AND ACCESS
Uniform Resource Identifier http://site.ebrary.com/lib/rucke/Doc?id=10509336

No items available.

© 2026 Rongo University
Contact us: librarian | system librarian | Rongo university